The lion and the mouse

Bibliographic Details
Format: Book
Published: Kuala Lumpur : Mind to Mind
Series:12 Aesop's fables
Subjects:

MARC

LEADER 00000cam a2200000 7i4500
001 0000000926
005 20220105103917.0
008 070705
020 |a 9831451902 
090 0 0 |a JP   |b ANM ENG (964) 
245 0 0 |a The lion and the mouse 
260 |a Kuala Lumpur :   |b Mind to Mind 
440 |a 12 Aesop's fables 
500 |a Children age 4-6 years old (yellow) 
650 0 |a Animal 
650 0 |a Junior preschool   |x English   |x Languages 
999 |a 0000966796   |b Book   |c Children Collection   |e Cawangan Tangkak 
999 |a 0000966797   |b Book   |c Children Collection   |e Cawangan Bukit Gambir 
999 |a 0000966798   |b Book   |c Children Collection   |e Cawangan Bandar Penawar 
999 |a 0000966799   |b Book   |c Children Collection   |e Cawangan Tmn. Ungku Tun Aminah 
999 |a 0001129779   |b Book   |c Children Collection   |e Cawangan Tmn. Ungku Tun Aminah